000 00262nam a22000977a 4500
008 240902b |||||||| |||| 00| 0 eng d
020 _a9781595620026
100 _aWinesman L Albert
_97800
245 _aLiving Your Strengths
260 _aNew York
_bGallup Press
_c2008
999 _c12646
_d12646